| 000 | 00915nmm a2200277 a 4500 | ||
|---|---|---|---|
| 001 | ocm000585414 | ||
| 003 | TR-IsHL | ||
| 005 | 20201028120909.0 | ||
| 008 | 130627s1998 tu tur | ||
| 007 | cr cn | ||
| 020 | _a9789754053944 | ||
| 035 |
_a585414 _b(N$T) |
||
| 050 | 0 | 4 |
_aPJ7510 _b.D46 1998 |
| 090 | 0 | 4 |
_aPJ7510 _b.D46 1998 |
| 100 | 1 | _aDemirayak, Kenan | |
| 245 | 1 | 0 |
_aAbbasi edebiyatı tarihi _h[electronic resource] / _cKenan Demirayak |
| 250 | _a1. bs. | ||
| 260 |
_aErzurum : _bAktif Yayınevi, _c1998 |
||
| 300 | _a272 p. | ||
| 650 | 4 | _aDil ve Edebiyat | |
| 650 | 4 | _aLanguage and Literature | |
| 650 | 0 |
_aArap edebiyatı _x Tarih ve eleştiri, 750-1258 |
|
| 650 | 0 |
_aArabic literature _x History and criticism, 750-1258 |
|
| 650 | 7 |
_aLITERARY CRITICISM / Middle Eastern _2bisacsh |
|
| 856 | 4 | 0 | _uhttp://search.ebscohost.com/login.aspx?direct=true&scope=site&db=e011xww&AN=585414 |
| 999 |
_c1032 _d1032 |
||